<?xml version="1.0" encoding="UTF-8"?>
<record
    xmlns:xsi="http://www.w3.org/2001/XMLSchema-instance"
    xsi:schemaLocation="http://www.loc.gov/MARC21/slim http://www.loc.gov/standards/marcxml/schema/MARC21slim.xsd"
    xmlns="http://www.loc.gov/MARC21/slim">

  <leader>00793nam a22002177a 4500</leader>
  <controlfield tag="005">20111102115747.0</controlfield>
  <datafield tag="010" ind1=" " ind2=" ">
    <subfield code="a">B-444628</subfield>
  </datafield>
  <datafield tag="020" ind1=" " ind2=" ">
    <subfield code="a">9780439846769</subfield>
    <subfield code="c">299.00</subfield>
  </datafield>
  <datafield tag="035" ind1=" " ind2=" ">
    <subfield code="a">B-444628</subfield>
  </datafield>
  <datafield tag="037" ind1=" " ind2=" ">
    <subfield code="b">Blue Berry/Ven</subfield>
    <subfield code="a">DPL</subfield>
  </datafield>
  <datafield tag="082" ind1=" " ind2=" ">
    <subfield code="a">N</subfield>
  </datafield>
  <datafield tag="100" ind1=" " ind2=" ">
    <subfield code="a">Nimmo, Jenny</subfield>
    <subfield code="9">37765</subfield>
  </datafield>
  <datafield tag="245" ind1=" " ind2=" ">
    <subfield code="a">Emlyn's Moon /</subfield>
    <subfield code="c">by Jenny Nimmo</subfield>
  </datafield>
  <datafield tag="260" ind1=" " ind2=" ">
    <subfield code="b">Scholastic India </subfield>
    <subfield code="c">2007</subfield>
    <subfield code="a">New York</subfield>
  </datafield>
  <datafield tag="270" ind1=" " ind2=" ">
    <subfield code="a">557  Broadway</subfield>
    <subfield code="b">New York</subfield>
    <subfield code="e">10012</subfield>
  </datafield>
  <datafield tag="300" ind1=" " ind2=" ">
    <subfield code="a">152p.</subfield>
    <subfield code="c">21cm (Hb)</subfield>
  </datafield>
  <datafield tag="490" ind1=" " ind2=" ">
    <subfield code="a">The magician trilogy: Book two</subfield>
    <subfield code="9">37766</subfield>
  </datafield>
  <datafield tag="942" ind1=" " ind2=" ">
    <subfield code="c">CH</subfield>
    <subfield code="2">ddc</subfield>
    <subfield code="m">NIM</subfield>
    <subfield code="h">N</subfield>
  </datafield>
  <datafield tag="999" ind1=" " ind2=" ">
    <subfield code="c">57976</subfield>
    <subfield code="d">57976</subfield>
  </datafield>
  <datafield tag="952" ind1=" " ind2=" ">
    <subfield code="0">0</subfield>
    <subfield code="1">0</subfield>
    <subfield code="4">0</subfield>
    <subfield code="7">0</subfield>
    <subfield code="8">FIC</subfield>
    <subfield code="a">ZLS</subfield>
    <subfield code="b">ZLS</subfield>
    <subfield code="d">2011-12-28</subfield>
    <subfield code="e">Blueberry /7042/29.9.2011/83/21.3.2011/12.10.2011</subfield>
    <subfield code="g">299.00</subfield>
    <subfield code="l">3</subfield>
    <subfield code="m">2</subfield>
    <subfield code="o">N NIM</subfield>
    <subfield code="p">B-444628</subfield>
    <subfield code="r">2024-09-03 00:00:00</subfield>
    <subfield code="s">2024-07-25</subfield>
    <subfield code="t">1</subfield>
    <subfield code="v">299.00</subfield>
    <subfield code="y">CH</subfield>
  </datafield>
</record>
